Đạo Phật và đạo Thiên Chúa ở Đà Lạt /
Đã lưu trong:
| Tác giả chính: | |
|---|---|
| Định dạng: | Bài viết |
| Ngôn ngữ: | Vietnamese |
| Những chủ đề: | |
| Các nhãn: |
Thêm thẻ
Không có thẻ, Là người đầu tiên thẻ bản ghi này!
|
| Thư viện lưu trữ: | Thư viện Trường Đại học Đà Lạt |
|---|
| LEADER | 00915nam a2200301 4500 | ||
|---|---|---|---|
| 001 | DLU080064227 | ||
| 005 | ##20080822 | ||
| 040 | # | # | |a DLU |b vie |
| 041 | # | # | |a vie |
| 044 | # | # | |a vn |
| 100 | # | # | |a Nguyễn Gia Phu. |
| 245 | # | # | |a Đạo Phật và đạo Thiên Chúa ở Đà Lạt / |c Nguyễn Gia Phu. |
| 653 | # | # | |a Đà Lạt |
| 653 | # | # | |a Đạo Kitô |
| 653 | # | # | |a Đạo Phật |
| 653 | # | # | |a Giáo hội |
| 653 | # | # | |a Tín ngưỡng |
| 653 | # | # | |a Tôn giáo |
| 773 | # | # | |t Trường Đại học Đà Lạt - Thông báo Khoa học = Scientific Bulletin (Khoa học Tự Nhiên = Natural Sciences) |g 1994, tr. 113-122. |
| 920 | # | # | |a Phòng Tạp chí -- Trung tâm Thông tin - Thư viện Trường Đại học Đà Lạt |
| 994 | # | # | |a DLU |
| 900 | # | # | |a True |
| 911 | # | # | |a Lê Thị Mạnh Xuân |
| 925 | # | # | |a G |
| 926 | # | # | |a A |
| 927 | # | # | |a BB |
| 980 | # | # | |a Thư viện Trường Đại học Đà Lạt |